000 00634nam a2200205 a 4500
005 20231021063609.0
008 991125c1988 mx 000 0 spa u
020 _a9686034595
035 _aUPN01000036706
049 _aCG
050 4 _aLB1049
_bS3.4
100 1 _aSchmelkes, Corina
_929980
245 1 0 _aManual para la presentación de anteproyectos e informes de investigación (tesis) /
_cCorina Schmelkes.
260 _aMéxico :
_bHarla,
_cc1988.
300 _a213 p.
440 0 _aTextos universitarios en ciencias sociales
650 4 _aMétodos de estudio
_94280
650 2 _aRecursos educativos
_99810
905 _aLibro
999 _c36706
_d36706